LEADER 00829naa a2200205 u 4500 001 000000096901 003 CaOOAMICUS 005 20070226130148.0 008 050215s1970 it u000 u ita u 035 $a11027860 040 $aIAR$bita 100 1 $aSiclari, Alberto.$0(OLS)http://pul/name/11266 245 14$aUna premessa all'aporia :$bLa scienza nella prospettiva occamista /$cAlberto Siclari. 260 $aParma :$bStudium Parmense,$c1970. 300 $aS. 247-254 ;$c25 cm 773 0 $aAporie della filosofia contemporanea. 773 0 $tQuaderni di Filosofia (Studium Parmense)$g4 773 0 $tAporie della filosofia contemporanea$w()58414 996 $6245$aUna premessa all'aporia :$bLa scienza nella prospettiva occamista$9(OLS)http://pul/title/123783 996 $6260$aParma :$bStudium Parmense$9(OLS)http://pul/publisher/69637 LEADER 01024nam a2200241 u 4500 001 000000008518 003 CaOOAMICUS 005 20070226105113.0 008 940516s1975 it f u000 u ita u 035 $a10219199 040 $aPUL(R)$bita 100 1 $aReid, Thomas,$d1710-1796.$0(OLS)http://pul/name/8521 245 10$aRicerca sulla mente umana e altri scritti. /$cA cura di Antonio Santucci. 260 $aTorino :$bUTET,$c1975. 300 $a785 p. :$btav. ;$c24 cm 490 1 $aClassici della filosofia (Unione tipografico-editrice torinese) ;$v16 700 1 $aSantucci, Antonio,$d1926-$0(OLS)http://pul/name/5585 830 0$aClassici della filosofia (UTET) ;$v16.$0(OLS)http://pul/title/8314 850 $aPUL 852 $aPUL$W1$xSL Filosofia 1$y2$m87 M 16$j184487$qStampati$B187691$CPULBib$Z2$F187691 $H52261 $82 941 1 $a8 996 $6245$aRicerca sulla mente umana e altri scritti.$9(OLS)http://pul/title/12513 996 $6260$aTorino :$bUTET$9(OLS)http://pul/publisher/48088